000 00513nam a2200169 i 4500
001 14487
003 ES-MaACL
005 20230906150826.0
007 t|
008 990419s1985 sp ||||1| spa d
080 _a821.134.2-32"19"
100 1 _aMartínez-Val, Juan.
_978456
245 1 4 _aLas farsas del comediante /
_ccompuestas por Juan Martínez-Val.
260 _a[Madrid :
_bEl autor],
_c1985.
300 _a231 p. :
_bil. ;
_c21 cm.
852 _aES-MaACL
_jL-21733
_bR.125873
_q. - Ded. autógr. del autor
999 _c14487
_d14487